Human resource management / (Record no. 153178)

MARC details
000 -LEADER
fixed length control field 00571nam a22001937a 4500
005 - DATE AND TIME OF LATEST TRANSACTION
control field 20180703095949.0
010 ## - LCCN (DPL NO)
LC control number ENG-123329
020 ## - INTERNATIONAL STANDARD BOOK NUMBER
International Standard Book Number 9789381284698
Terms of availability 1000.00
035 ## - SYSTEM CONTROL NUMBER
System control number EN-106861
037 ## - SOURCE OF ACQUISITION
Source of stock number/acquisition DBAD/PUB
082 ## - DEWEY DECIMAL CLASSIFICATION NUMBER
Classification number 658.3
100 ## - MAIN ENTRY--PERSONAL NAME
Personal name Sharma, Trilochan
245 ## - TITLE STATEMENT
Title Human resource management /
Statement of responsibility, etc byTrilochan Sharma
260 ## - PUBLICATION, DISTRIBUTION, ETC. (IMPRINT)
Place of publication, distribution, etc New Delhi
Name of publisher, distributor, etc Rishabh Books
Date of publication, distribution, etc 2017
270 ## - ADDRESS
Address 4575/15, Ansari Road, Dharya Ganj,
City New Delhi
Postal code 110002
300 ## - PHYSICAL DESCRIPTION
Extent 256p.
Dimensions 22cm.(Hb)
500 ## - GENERAL NOTE
General note It includes bibliography
942 ## - ADDED ENTRY ELEMENTS (KOHA)
Source of classification or shelving scheme Dewey Decimal Classification
Item type English Books
Call number suffix SHA
Classification part 658.3
Holdings
Withdrawn status Lost status Not for loan Collection code Home library Current library Date acquired Source of acquisition Cost, normal purchase price Full call number Barcode Copy number Cost, replacement price Koha item type
    Not For Loan Non-fiction D.B.Act.Division Central Library 28/06/2018 DBAD/PUB 1000.00 658.3 SHA EN-106861 1 1000.00 English Books

© Delhi Public Library
Hit Counter
free hit counter